<?xml version="1.0" encoding="UTF-8"?><?xml-stylesheet type="text/xsl" href="static/style.xsl"?><OAI-PMH xmlns="http://www.openarchives.org/OAI/2.0/" xmlns:xsi="http://www.w3.org/2001/XMLSchema-instance" xsi:schemaLocation="http://www.openarchives.org/OAI/2.0/ http://www.openarchives.org/OAI/2.0/OAI-PMH.xsd"><responseDate>2026-06-07T23:48:43Z</responseDate><request verb="GetRecord" identifier="oai:docta.ucm.es:20.500.14352/43493" metadataPrefix="marc">https://docta.ucm.es/rest/oai/request</request><GetRecord><record><header><identifier>oai:docta.ucm.es:20.500.14352/43493</identifier><datestamp>2023-08-27T19:17:54Z</datestamp><setSpec>com_20.500.14352_14</setSpec><setSpec>col_20.500.14352_15</setSpec></header><metadata><record xmlns="http://www.loc.gov/MARC21/slim" xmlns:dcterms="http://purl.org/dc/terms/" xmlns:xsi="http://www.w3.org/2001/XMLSchema-instance" xmlns:doc="http://www.lyncode.com/xoai" xsi:schemaLocation="http://www.loc.gov/MARC21/slim http://www.loc.gov/standards/marcxml/schema/MARC21slim.xsd">
   <leader>00925njm 22002777a 4500</leader>
   <datafield ind2=" " ind1=" " tag="042">
      <subfield code="a">dc</subfield>
   </datafield>
   <datafield ind2=" " ind1=" " tag="720">
      <subfield code="a">Cózar Maldonado, Pedro</subfield>
      <subfield code="e">author</subfield>
   </datafield>
   <datafield ind2=" " ind1=" " tag="720">
      <subfield code="a">Said, Ismail</subfield>
      <subfield code="e">author</subfield>
   </datafield>
   <datafield ind2=" " ind1=" " tag="720">
      <subfield code="a">Somerville, Ian D.</subfield>
      <subfield code="e">author</subfield>
   </datafield>
   <datafield ind2=" " ind1=" " tag="720">
      <subfield code="a">Vachard, Daniel</subfield>
      <subfield code="e">author</subfield>
   </datafield>
   <datafield ind2=" " ind1=" " tag="720">
      <subfield code="a">Medina Varea, Paula</subfield>
      <subfield code="e">author</subfield>
   </datafield>
   <datafield ind2=" " ind1=" " tag="720">
      <subfield code="a">Rodríguez García, Sergio</subfield>
      <subfield code="e">author</subfield>
   </datafield>
   <datafield ind2=" " ind1=" " tag="720">
      <subfield code="a">Berkhli, Mostafa</subfield>
      <subfield code="e">author</subfield>
   </datafield>
   <datafield ind2=" " ind1=" " tag="260">
      <subfield code="c">2011-11</subfield>
   </datafield>
   <datafield ind2=" " ind1=" " tag="520">
      <subfield code="a">Potential foraminiferal markers for the Visean-Serpukhovian and Serpukhovian-Bashkirian boundaries- A case-study from Central MoroccoThe Carboniferous succession in Adarouch (Central Morocco, north of the Atlas Transform Fault) contains thick carbonate beds including upper Visean, Serpukhovian and basal Bashkirian rocks. Foraminifers enable precise recognition of the Visean/Serpukhovian (V/S), early/late Serpukhovian (eS/lS) and Serpukhovian/Bashkirian (S/B) boundaries. Insolentitheca horrida, Loeblichia ukrainica, "Millerella" spp. and Endostaffella? sp. 2 are regarded as regionally useful indices to the V/S boundary, whereas Eostaffellina spp., Eostaffella  pseudostruvei and some evolved species of Archaediscus exhibit greater reliability for worldwide correlation of this level. Similarly, the eS/lS boundary is marked locally by Brenckleina rugosa, Eosigmoilina sp., and Monotaxinoides spp. and globally by Loeblichia minima, Bradyina cribrostomata, Plectostaffella spp., Eostaffellina "protvae" and "Turrispiroides", and the S/B boundary is marked locally by Globivalulina bulloides and globally by Seminovella elegantula, and Novella?. Ocurrences of these taxa in Morocco allow correlations with the Moscow Basin, the Urals, the Donetz Basin and North America. The Moroccan assemblages share few taxa in common with Saharan basins south of the Atlas Transform Fault. Correlations with western European basins are difficult because of the paucity in the latter of foraminiferal-bearing carbonate strata.</subfield>
   </datafield>
   <datafield ind1="8" ind2=" " tag="024">
      <subfield code="a">0022-3360</subfield>
   </datafield>
   <datafield ind1="8" ind2=" " tag="024">
      <subfield code="a">10.1666/10-158.1</subfield>
   </datafield>
   <datafield ind1="8" ind2=" " tag="024">
      <subfield code="a">https://hdl.handle.net/20.500.14352/43493</subfield>
   </datafield>
   <datafield ind1="8" ind2=" " tag="024">
      <subfield code="a">https://doi.org/10.1666/10-158.1</subfield>
   </datafield>
   <datafield ind1="8" ind2=" " tag="024">
      <subfield code="a">https://www.cambridge.org/core/journals/journal-of-paleontology</subfield>
   </datafield>
   <datafield ind2="0" ind1="0" tag="245">
      <subfield code="a">Potential foraminiferal markers for the Visean-Serpukhovian and Serpukhovian-Bashkirian boundaries- A case-study from Central Morocco</subfield>
   </datafield>
</record></metadata></record></GetRecord></OAI-PMH>